| 000 | 00000nas 2200000zi 4500 |
| 001 | 9.936668 |
| 003 | CaOODSP |
| 005 | 20250624103619 |
| 006 | m o d f |
| 007 | cr cn |||||||| |
| 008 | 240411c20239999oncar p o f0###b0fre|d |
| 022 | |a2819-2540 |
| 040 | |aCaOODSP|bfre|erda|cCaOODSP |
| 043 | |an-cn--- |
| 086 | 1 |aFs1-96F-PDF |
| 222 | 4|aLes communautés prennent les devants |
| 245 | 04|aLes communautés prennent les devants / |cProgramme d'hydrographie communautaire, Service hydrographique du Canada (SHC). |
| 246 | 1 |iEn tête du titre : |aHydrographie communautaire |
| 264 | 1|a[Ottawa] : |bPêches et océans Canada = Fisheries and Oceans Canada, |c[2024]- |
| 310 | |aAnnuel |
| 336 | |atexte|btxt|2rdacontent/fre |
| 337 | |ainformatique|bc|2rdamedia/fre |
| 338 | |aressource en ligne|bcr|2rdacarrier/fre |
| 362 | 1 |aParaît depuis : 2023. |
| 500 | |aPublié aussi en anglais sous le titre : Empowering coastal communities. |
| 588 | |aDescription d'après : 2023; titre de la page couverture du fichier PDF. |
| 588 | |aDernière livraison consultée : 2023. |
| 650 | 6|aHydrographie|zCanada|xParticipation des citoyens|vPériodiques. |
| 655 | 7|aPériodiques|2rvmgf |
| 710 | 1 |aCanada. |bMinistère des pêches et des océans, |eorganisme de publication. |
| 710 | 2 |aProgramme d'hydrographie communautaire (Canada), |eauteur, |eorganisme de publication. |
| 775 | 08|tEmpowering coastal communities / |w(CaOODSP)9.936666 |